Lenguas oficiales y regionales de Europa en un mapa - Estadísticas

Estadísticas generales
  • Esta prueba ha sido intentada 7.553 veces
  • La puntuación promedio es 37 de 73
Respuestas en el mapa
Las respuestas están codificadas por una escala verde-roja en el mapa de la prueba según el % correcto abajo.
 
Estadísticas de respuestas
Familia L1 L2 Lengua % Correcto
Romance 38 M 38 M Español
99%
Romance 71 M 64 M Francés
99%
Germánica 63 M 197 M Inglés
99%
Romance 65 M 17 M Italiano
99%
Eslava 106 M 54 M Ruso
99%
Germánica 97 M 63 M Alemán
98%
Romance 10 M - Portugués
98%
Romance 4,0 M 6,0 M Catalán
97%
Germánica 11 M 2,1 M Sueco
97%
Germánica 5,2 M - Noruego
96%
Helénica 11 M - Griego
95%
Eslava 32 M - Ucraniano
95%
Urálica 5,4 M - Finés
94%
Turca 12 M - Turco
94%
Romance 24 M 4,0 M Rumano
93%
Germánica 22 M - Neerlandés
92%
Eslava 38 M - Polaco
92%
Eslava 10 M - Checo
90%
Lengua aislada 750 k - Vasco
90%
Eslava 21 M - Serbocroata
89%
Eslava 7,8 M - Búlgaro
88%
Germánica 5,5 M - Danés
88%
Romance 2,4 M - Gallego
88%
Germánica 330 k - Islandés
88%
Báltica 1,7 M - Letón
88%
Urálica 13 M - Húngaro
85%
Báltica 3,0 M - Lituano
85%
Eslava 5,2 M - Eslovaco
84%
Urálica 1,1 M - Estonio
82%
Céltica 240 k 1,0 M Irlandés
81%
Eslava 2,1 M - Esloveno
79%
Eslava 1,4 M - Macedonio
79%
Otra Indoeuropea 5,8 M - Albanés
78%
Céltica 57 k - Gaélico Escocés
77%
Céltica 562 k 188 k Galés
76%
Eslava 3,3 M - Bielorruso
71%
Germánica 336 k 50 k Luxemburgués
59%
Semítica 520 k - Maltés
52%
Romance 30 k 95 k Corso
30%
Romance 1,3 M - Sardo
29%
Romance 44 k - Romanche
28%
Germánica 66 k - Feroés
27%
Céltica 230 2,0 k Manés
24%
Caucásica Nororiental 1,4 M - Checheno
20%
Urálica 23 k - Sami
18%
Turca 4,3 M - Tártaro
14%
Indoiraní 597 k - Osetio
13%
Turca 480 k - Tártaro de Crimea
13%
Céltica 557 - Córnico
12%
Romance 15 k - Mirandés
12%
Eslava 70 k - Ruteno
7%
Romance 1,9 k 900 Jerseyés
6%
Urálica 500 k - Mari de las praderas
6%
Eslava 50 k - Casubio
5%
Germánica 470 k - Frisón Occidental
5%
Caucásica Nororiental 300 k - Ingusetio
5%
Urálica 220 k - Komi
5%
Romance 41 k - Ladino
5%
Eslava 20 k - Sorabo
5%
Caucásica Noroccidental 117 k - Adigué
4%
Turca 1,2 M - Baskir
4%
Caucásica Noroccidental 530 k - Cabardiano
4%
Mongólica 80 k - Calmuco
4%
Turca 1,1 M - Chuvasio
4%
Turca 140 k - Gagaúzo
4%
Urálica 340 k - Udmurto
4%
Urálica 120 k - Erzya
3%
Germánica 3,5 k - Frisón Septentrional
3%
Romance 200 - Guerneseyés
3%
Turca 300 k - Karachái-Bálkaro
3%
Urálica 2,0 k - Moksha
3%
Turca 87 k - Nogayo
3%
Caucásica Noroccidental 49 k - Abaza
2%
No se encontraron pruebas coincidentes
Distribución de puntuación
Porcentaje de gente con cada puntuación
Porcentaje por número respondido
Historial de tus puntuaciones
No has intentado esta prueba.